00416cam a22001337a 450000500170000000800410001701000100005801100100006803500110007824501100008926000410019930000320024050200100027220220127140551.0050331d2005 mx d r 00110 spa d a89938 a90910 a10146700aDesahuatado Precosecha de tuna (Opuntia spp.) Cv roja San Martín con bajas concentraciones de acic/por aChapingo, Méx. :bEl autor,c2001. a88 h. :bgráfs. ; cuadros aTesis